000 00501pam a2200157a 44500
008 230515b2019 xxu||||| |||| 00| 0 eng d
020 _aNULL
041 _aENGLISH
082 _a610.0
100 _aMS. PRITI THAKUR
245 _aA DESCRIPTIVE STUDY TO ASSESS THE KNOWLEDGE OF ADULTS REGARDINGHUMAN RIGHTS OF PERSONS WITH MENTAL ILLNESS IN SELECTED URBAN AREAS OF PUNE CITY.
250 _a1
260 _aPUNE
_bBHARATI VIDYAPEETH DEEMED UNIVERSITY, PUNE,
_c2019
300 _a88
650 _aNULL
999 _c532099
_d532099